Statistics for Australian Immigration by Country

Click here to take the quiz!

General Stats

  • This quiz has been taken 53,077 times
    (22,621 since last reset)
  • The average score is 15 of 20

Answer Stats

# ImmigrantsCountry% Correct
1,173,520United Kingdom
98%
758,470China
97%
110,160United States
96%
721,050India
94%
564,840New Zealand
93%
92,400Indonesia
90%
111,030Germany
82%
270,340Vietnam
80%
97,220Pakistan
78%
177,840Italy
76%
177,460Malaysia
75%
310,050Philippines
74%
111,530South Korea
73%
200,240South Africa
72%
87,690Ireland
71%
103,710Greece
55%
99,680Iraq
54%
146,950Sri Lanka
49%
131,830Nepal
33%
96,460Lebanon
24%

Score Distribution

Percentile by Number Answered

Percent of People with Each Score

Your Score History

You have not taken this quiz since the last reset